[Event "GER Seniors Derby 05th"]
[Site "Wesel Undeloh"]
[Date "2006.04.23"]
[Round "7"]
[White "Decker, Reinhard"]
[Black "Pincus, Richard"]
[Result "1-0"]
[WhiteElo "1856"]
[BlackElo "1648"]
[PlyCount "47"]
[EventDate "2006.04.20"]
[EventType "swiss"]
[EventRounds "7"]
[EventCountry "GER"]
[SourceTitle "EXT 2007"]
[Source "ChessBase"]
[SourceDate "2006.11.23"]
[SourceVersion "1"]
[SourceVersionDate "2006.11.23"]
[SourceQuality "1"]

1. e4 e6 2. d4 d5 3. Nd2 dxe4 4. Nxe4 Be7 5. Nf3 Nf6 6. Ng3 c5 7. c3 cxd4 8. Nxd4 0-0 9. Bd3 b6 10. 0-0 Bb7 11. Qc2 Nbd7 12. f3 Bc5 13. Kh1 Rc8 14. Qe2 Re8 15. Nb3 Bd6 16. Be3 Nd5 17. Rad1 Qc7 18. Bf2 Nf4 19. Qd2 Bd5 20. Bb1 Be5 21. Rfe1 Red8 22. Nd4 Nf6 23. Qe3 Qb7 24. Qxe5 1-0

[Event "GER Seniors Derby 05th"]
[Site "Wesel Undeloh"]
[Date "2006.04.21"]
[Round "3"]
[White "Decker, Reinhard"]
[Black "Ruether, Werner"]
[Result "1-0"]
[WhiteElo "1856"]
[BlackElo "1729"]
[PlyCount "27"]
[EventDate "2006.04.20"]
[EventType "swiss"]
[EventRounds "7"]
[EventCountry "GER"]
[SourceTitle "EXT 2007"]
[Source "ChessBase"]
[SourceDate "2006.11.23"]
[SourceVersion "1"]
[SourceVersionDate "2006.11.23"]
[SourceQuality "1"]

1. e4 c5 2. Nf3 Nc6 3. Nc3 a6 4. d3 Nd4 5. Be3 Nxf3+ 6. Qxf3 e6 7. g3 d6 8. Bg2 e5 9. 0-0 Nf6 10. Qe2 Be7 11. f4 0-0 12. Nd5 Be6 13. Nxe7+ Qxe7 14. f5 1-0